MDQL
is popping MORE tags! Check the
thread
!
Quizzes
Events
Quiz Creation
Community
Videos
Private Events
Remove Ads
Sign In
Join for FREE
Feedback
Dark Mode
Quiz Categories
Sports
Geography
Music
Movies
Television
Just For Fun
Miscellaneous
History
Literature
Language
Science
Gaming
Entertainment
Religion
Holiday
For Kids
Quiz Lab
Recent
Popular Today
Quiz Kudos Today
Editor Picks
Curator Picks
Quizzes by...
Day
Popularity
Type
Ratings
Length
Year
Community
Subscriptions
Recent Discussions
Orange Saloon
Badges
Playlists
Quests
Create
Leaderboards
Showdown
Live 5
Trivia Bingo
Activity
Puzzle Library
Sporcle Events
Private Events
Virtual Trivia
Globe League
Become a Host
Pub Owners
SporcleCon
Opinionation
Our Games
Videos
Blog
Mobile Apps
Partnerships
Remove Ads and Go Orange
Feedback
Music
Pop Music
The Beatles
Song
Album
Lyrics
Bands
Singers
Artist
Clip
Rock
Rap
Classical
Billboard
Country Music
Kpop
Taylor Swift
Music
Pop Music
The Beatles
Song
Album
Lyrics
Bands
Singers
Artist
Clip
Rock
Rap
Classical
Billboard
Country Music
Kpop
Taylor Swift
Random Quiz
Search Sporcle
×
Quiz Lab
Quiz Lab
Music
Song
Type in answers that appear in a list
Type in answers that appear in a list
Classic
Best Score? Go Orange.
Roger Waters Songs Stats
Can you name the Roger Waters Songs?
By
joe_afc_1903
13m
76 Questions
131 Plays
131 Plays
131 Plays
Comments
Comments
Give Quiz Kudos
Give Quiz Kudos
-
- Ratings
hide this ad
Replay
Link that replays current quiz
Next Quiz
Link to next quiz in quiz playlist
You Got
0%
They Got
Avg Score
34%
Avg Friend Score
Upgrade to see
Score Distribution
Jump to the score distribution portion of the page
Score
0/76
Timer
13:00
0
Plays Today
% Correct
Amused To Death
83.2%
5:01 am The Pros and Cons of Hitch-Hiking (part 10)
77.9%
The Tide Is Turning (After Live Aid)
75.6%
What God Wants, Part I
75.6%
What God Wants, Part II
75.6%
What God Wants, Part III
72.5%
Radio Waves
69.5%
4:41 am Sexual Revolution
67.2%
The Bravery Of Being Out Of Range
65.6%
Watching TV
61.8%
The Ballad Of Bill Hubbard
61.1%
It's A Miracle
61.1%
Is This the Life We Really Want?
60%
4:50 am Go Fishing
59.5%
5:06 am Every Strangers Eyes
57.3%
Who Needs Information
57.3%
Perfect Sense, Part I
57.3%
Perfect Sense, Part II
57.3%
The Powers That Be
54.2%
5:11 am The Moment of Clarity
49.6%
Deja Vu
48%
The Last Refugee
48%
4:33 am Running Shoes
47.3%
Three Wishes
47.3%
Too Much Rope
45.8%
Home
45%
Sunset Strip
44.3%
Smell the Roses
44%
Four Minutes
42%
Late Home Tonight, Part I
40.5%
Late Home Tonight, Part II
40.5%
Bird In A Gale
40%
Wait for Her
40%
Me Or Him
39.7%
4:30 am Apparently They Were Travelling Abroad
38.9%
Picture That
38.7%
The Most Beautiful Girl
38.7%
4:37 am Arabs With Knives and West German Skies
38.2%
% Correct
4:56 am For The First Time Today (part 1)
37.4%
Part of Me Died
37.3%
4:58 am Dunroamin, Duncarin, Dunlivin
36.6%
Broken Bones
36%
4:39 am For The First Time Today (part 2)
35.9%
Oceans Apart
34.7%
When We Were Young
33.3%
Each Small Candle
32.8%
Breathe
32.1%
4:47 am The Remains of Our Love
29.8%
Folded Flags
29%
Leaving Beirut
26.7%
To Kill The Child
26%
Flickering Flame
24.4%
Hello (I Love You)
20.6%
Towers Of Faith
19.8%
Sea Shell And Stone
18.3%
Lost Boys Calling
17.6%
The Russian Missile
16.8%
Give Birth To A Smile
16.8%
Hilda's Hair
15.3%
Get Back To Radio
14.5%
Our Song
14.5%
The Fall Out
13.7%
The American Bomber
13%
The Attack
13%
Sea Shell and Soft Stone
13%
Going To Live In L.A.
12.2%
Knockin' On Heaven's Door
12.2%
Chain of Life
12.2%
The Womb Bit
12.2%
Hilda's Dream
11.5%
The British Submarine
10.7%
The Anderson Shelter
9.9%
Incarceration Of A Flower Child
9.3%
Body Transport
9.2%
Sparrows Will Sing
6.9%
Without Blame
3.1%
Quiz Playlist
Details
Report
Send in Message
Add To Playlist
Classic:
Type in answers that appear in a list
Last Updated: Jun 8, 2017
Quiz Scoreboard
CHALLENGE
Sign Up to Join the Scoreboard
Show All
Scores
Hide
Comments
May contain spoilers
Recently Published
Street Fighter Characters
by Artimus82
Gaming
60s
9x9 Crossword: Cartoon Network
by jackfrog10
Miscellaneous
3m
College Basketball Coaching Resumes
by pancakes188
Sports
9m
More to Explore
Quiz From the Vault
Featured Blog Post
Where Did the Easter Bunny Come From?
hide this ad
You Might Also Like...
Tags
Song Quiz
Pink Floyd
Roger
Water
Today's Top Quizzes in Music
Browse Music
hide this ad
Today's Top Quizzes in Song
Browse Song
Top Contributed Quizzes in Music
1
Taylor Swift All Songs (2024)
2
Taylor Swift Logic Puzzle
3
Guess the Artist- 70s Songs
4
7-to-1: Billboard Hot 100 #1 Hits of 2010s
5
Sorting Albums and Songs
6
KPOP LOGIC QUIZ
7
Guess the Taylor Swift song (Mystery Song)
8
Guess The Taylor Swift Lyrics Song #1
9
Billboard Blitz: ABBA
10
Billboard Blitz: The Beatles
Explore More
Trending Topics
NBA
Kpop
Crossword
Marvel
Harry Potter
Anime
Disney
Pokémon
Puzzle
NFL
Soccer
Song
Country
The Office
WWE
hide this ad
More By:
joe_afc_1903
Quiz
Plays
Rating
Category
Featured
Created
Scottish Football 1980s
3,035
4.82
Sports
Jan 20, 2012
Aberdeen FC SPL Goalscorers
2,028
Sports
May 22, 2012
Aberdeen FC Managers
1,149
5.00
Sports
Dec 21, 2011
Aberdeen FC Scottish Premiership Scorers (SPFL Era)
953
Sports
May 22, 2017
British F1 Drivers
927
5.00
Sports
Aug 10, 2017
Go to Creator's Profile
Score Distribution
Quiz Creator Spotlight
joe_afc_1903
Follow
Send a Message
Quizzes Created
-
Created Quiz Play Count
-
More By This Creator
Popular Quizzes Today
1
Find the US States - No Outlines Minefield
2
Find the Countries of Europe - No Outlines Minefield
3
The Countries of the World
4
Find the US States
5
Risky Map Clicking: Biggest States A-Z
6
US States
7
Popular People in 1961
8
Movies - When Are They Set?
More Music Quizzes
Dog Breed or Rapper
Editor's Pick
Trending Quizzes
Risky Map Clicking: Least Populous States A-Z
Countries of the World: 200 Million BC
1-10 Letter G Words
Risky Map Clicking: Next State Alphabetically
Adjectives in 80s TV Shows
Recently Updated
Leaping Animals
pecheneg
Reality TV Shows (A-Z)
bhenderson79
Rickey Henderson's Hall of Fame Teammates
pecheneg
Champions League XIs: Arsenal
pecheneg
Quick Pick: Celebrities in WWE's Hall of Fame
aduchscher
A-Z Keypad Blitz II
pecheneg
Multiple Oscar Actors
pecheneg
Mystery Phrase Blitz: Oscar 'Best Actors'
pecheneg
F. Scott Fitzgerald Novels
LTH
Pick 3 Villains
ddd62291
Trending Topics
Marvel
NBA
Anime
Harry Potter
Crossword
Kpop
Disney
The Office
Song
Pokémon
Country
Puzzle
WWE
Soccer
NFL
Your Account Isn't Verified!
In order to create a playlist on Sporcle, you need to verify the email address you used during registration. Go to your
Sporcle Settings
to finish the process.
Report this User
Report this user for behavior that violates our
Community Guidelines
.
Details:
Send Report
Go to the Sporcle.com Mobile Site →
Comments